000 00543 a2200169 4500
003 OSt
005 20240925233324.0
008 240925b |||||||| |||| 00| 0 eng d
040 _c0
082 _aDPer 050 R22 2000 January-May 2023 v123 no. 719-723
100 _aJackson, Shirley.
_eauthor.
_961657
245 _aExploits of charles /
_cShirley Jackson.
260 _aTaipei ;
_bReader's Digest Asia,
_cJanuary 2023.
300 _aVolume 123, pages101-107,
_billustration.
700 _aJackson, Shirley.
_eauthor.
_961657
942 _2ddc
_cPER
999 _c21871
_d21871